| 000 | 00445nam a2200145Ia 4500 | ||
|---|---|---|---|
| 008 | 191023s9999 xx 000 0 und d | ||
| 020 | _a9781337280884 | ||
| 100 | _aMauk, John. | ||
| 245 |
_cJohn Mauk, John Metz.-- _aThe Composition of everyday life : _ba guide to writing / |
||
| 250 | _a5th ed | ||
| 260 |
_aUSA : _bCengage Learning _c2016 |
||
| 300 | _axxxii, 781 pages. | ||
| 650 | _aEnglish language -- rhetoric | ||
| 650 | _aReport writing | ||
| 999 |
_c362316 _d362316 |
||